| 000 | 00763cam a22002295a 4500 | ||
|---|---|---|---|
| 001 | 1071521 | ||
| 005 | 20180204153440.0 | ||
| 008 | 910905t1992 mnua frb 001 0 eng d | ||
| 020 | _a0314883509 | ||
| 040 |
_aDLC _cDLC _dDLC _dEG-ScBUE _beng |
||
| 082 | 0 | 4 |
_222 _a621.3815 _bWAL |
| 100 | 1 | _aWalls, Ron. | |
| 245 | 1 | 0 |
_aDC/AC principles : _banalysis and troubleshooting / _cRon Walls, Wes Johnstone. |
| 260 |
_aSt. Paul : _bWest Publishing Company, _cc.1992. |
||
| 300 |
_axiv, 729 p. : _bill. (some col.) ; _c26 cm. |
||
| 504 | _aIncludes bibliographical references and index. | ||
| 650 | 7 |
_aElectronic circuits. _2BUEsh _96945 |
|
| 650 | 7 |
_aElectric circuit analysis. _2BUEsh |
|
| 653 |
_bGGEN _bENGELC _cFebruary2018 |
||
| 700 | 1 | _aJohnstone, Wes. | |
| 942 | _2ddc | ||
| 999 |
_c26082 _d26054 |
||